Technická zařízení budov I : Vodovody
Guardado en:
| Autores principales: | , , |
|---|---|
| Formato: | Libro |
| Lenguaje: | checo |
| Publicado: |
Praha :
SNTL,
1987
|
| Etiquetas: |
Sin Etiquetas, Sea el primero en etiquetar este registro!
|
MARC
| LEADER | 00000nam a22000003a 4500 | ||
|---|---|---|---|
| 001 | stu29795 | ||
| 005 | 20150617225737.8 | ||
| 008 | 951003s1987----cs------------------cze-d | ||
| 040 | |a STU |b slo | ||
| 041 | 0 | |a cze | |
| 044 | |a cs | ||
| 080 | |a 696.11(075.8) | ||
| 100 | 1 | |a Ondroušek, Karel |4 aut | |
| 245 | 1 | |a Technická zařízení budov I : |b Vodovody | |
| 260 | |a Praha : |b SNTL, |c 1987 | ||
| 300 | |a 331 s | ||
| 700 | 1 | |a Musil, V |4 aut | |
| 700 | 1 | |a Nevan, T |4 aut | |
| 996 | |b 284V012202 |c V*34254/O-14093h |l VVS |s A |a 24 |w stu29795_0001 | ||
| 996 | |c V*34959/O-14457 |l VV18 |s P |a 0 |w stu29795_0002 | ||
| 996 | |c V*34960/O-14457a |l VV18 |s P |a 0 |w stu29795_0003 | ||